Diccionario de lectura y términos a fines / [por] International Reading Association ; tr. por Elena Jiménez Moreno

Zapisane w:
Opis bibliograficzny
Korporacja: International Reading Association
Format: Książka
Seria:Biblioteca del libro
Hasła przedmiotowe:
Etykiety: Dodaj etykietę
Nie ma etykietki, Dołącz pierwszą etykiete!

MARC

LEADER 00000nam^a2200000^u^4500
001 000539036
005 20250521000000.0
008 060220s1000^^^^^^^^^^^^r^^^^^000^0^spa^d
009 20260310131134.472
035 |a FMI 000006051 
037 |a Acervo Xavier Clavigero 
096 |a 0.0/26/C 
110 |a International Reading Association 
245 1 0 |a Diccionario de lectura y términos a fines / [por] International Reading Association ; tr. por Elena Jiménez Moreno 
264 |a Madrid : Pirámide, 1985 
300 |a 445 p. 
336 |a texto  |b txt  |2 rdacontenido 
337 |a sin mediación  |b n  |2 rdamedio 
338 |a volumen  |b nc  |2 rdasoporte 
440 0 |a Biblioteca del libro 
597 |a Trad. del inglés ("A dictionary of reading and related terms"). 
649 |a XX 
650 |a OBRAS GENERALES 
910 |a Fondo Francisco Migoya Covarrubias S.J. 
920 |a Impresos - Libros 
930 |a Fondos Especiales 
905 |a 134 
901 |a SBC11151  |b IT2  |c ESP  |u 20250521 
902 |a https://opac.biblio.iteso.mx/vufind/Record/000539036